Most Populous Arctic Ocean Islands - Statistics

General Stats
  • This quiz has been taken 239 times
    147 since last reset
  • The average score is 5 of 11
Answer Stats
Coordinates Area (km2) Population Country Island % Correct
65°N 18°W 102,775 368,720 Iceland Iceland
96%
64°N 51°W <2,166,086 56,081 Greenland (Denmark) Greenland
95%
78°45′N 16°00′E 37,673 2,884 Norway Spitsbergen
85%
68°N 70°W 507,451 13,148 Canada Baffin Island
83%
70°25′N 107°45′W 217,291 2,162 Canada Victoria Island
63%
72°N 54°E 33,275 ~2,500 Russia Yuzhny Island
45%
69°10′N 97°25′W 13,174 1,324 Canada King William Island
7%
70°58′N 25°58′E 437 3,201 Norway Magerøya
2%
72°47′N 56°09′W 3 1,092 Greenland (Denmark) Upernavik Island
1%
70°40′N 52°07′W 12 1,407 Greenland (Denmark) Uummannaq Island
1%
70°22′N 31°06′E 4 1,875 Norway Vardøya
1%
No matching quizzes found
Score Distribution
Percent of People with Each Score
Percentile by Number Answered
Your Score History
You have not taken this quiz since the last reset